|
|
|
|
| LEADER |
01131pam a2200277 i 4500 |
| 001 |
1007291 |
| 003 |
GR-PaULI |
| 005 |
20210304072637.0 |
| 008 |
191105s1988 fr a g b 000 0 fre d |
| 952 |
|
|
|0 0
|1 0
|2 ddc
|4 0
|6 779_092000000000000_CAP
|7 0
|9 236839
|a THST
|b THST
|d 2019-11-05
|i 006854
|l 0
|o 779.092 CAP
|p 025000013136
|r 2019-11-05 00:00:00
|t 1
|v 2019.00
|w 2019-11-05
|y BK15
|
| 999 |
|
|
|c 143292
|d 143292
|
| 010 |
|
|
|a 87046055
|
| 020 |
|
|
|a 2867540488
|
| 040 |
|
|
|a GR-PaULI
|c GR-PaULI
|b gre
|e AACR2
|
| 082 |
0 |
0 |
|a 779.092
|2 23
|
| 100 |
1 |
|
|a Capa, Robert,
|d 1913-1954.
|e φωτογράφος
|9 178683
|
| 245 |
1 |
0 |
|a Robert Capa /
|c introduction par Jean Lacouture.
|
| 260 |
|
|
|a Paris :
|b Centre national de la photographie,
|c 1988.
|
| 300 |
|
|
|a [χωρ. σελ/ση] :
|b φωτ. ;
|c 19 εκ.
|
| 504 |
|
|
|a Περιλαμβάνει βιβλιογραφία.
|
| 600 |
1 |
4 |
|a Capa, Robert,
|d 1913-1954.
|9 178683
|
| 650 |
|
4 |
|a Φωτογραφία, Καλλιτεχνική
|9 61789
|
| 650 |
|
4 |
|a Πολεμικοί φωτογράφοι.
|9 178684
|
| 650 |
|
4 |
|a Φωτογράφοι
|z Ουγγαρία.
|9 87781
|
| 942 |
|
|
|2 ddc
|c BK15
|
| 998 |
|
|
|c ΜΑΝΙΑ
|d 2019-11
|